000 01666cab a2200229 4500
001 ABS47227
008 090401t1992 xxu||||| |||| 00| 0 eng d
035 _a(Sirsi) u61118
041 _aeng
245 _aM & L Management and Legal Limited v Bournemouth BC
260 _c1992
350 _a0
490 _aRating & Valuation Reporter
_v(1992) 32 RVR 175-183(9)
520 _aLT 30 June 1992. The council purchased M`s freehold interest in a two storey industrial building linked to a two storey office building, for a town centre redevelopment. In 1986 the property had been leased to another party for a term of 13 years from May 1984. The initial rent was £7,500pa and it was subject to three yearly rent reviews. The first review was due on 1 May 1988 but did not take place. The council entered the premises on 13 October 1988 which is the valuation date. The parties agreed that the freehold interest was to be valued by reference to the capitalised rental value. They were not agreed as to the rental value or appropriate capitalisation rate. M valued the freehold interest at £194,000 equivalent to an annual rent of £15,515 and capitalised at 8%. The councils valuation was £87,500 based on an annual rent of £10,500 capitalised at 12%. M valued the annual rent higher claiming the property was mixed use and therefore more valuable. However the council claimed the
650 _aCAPITALISATION RATE
650 _aCompulsory purchase
_96228
650 _aRENTAL VALUES
650 _aYIELDS
690 _aENVIRONMENTAL AND LAND CONSULTANCY-PLANNING AND DEVELOPMENT-COMPULSORY PURCHASE AND COMPENSATION
942 _n0
948 _c04/03/1997
999 _c37793
_d37793